| 000 | 00911nam a22003250a 4500 | ||
|---|---|---|---|
| 001 | UByD000871 | ||
| 003 | AR-LpoUNG | ||
| 005 | 20220820120037.0 | ||
| 008 | 220820s1996||||xxu|||||||||||||||||eng d | ||
| 020 | _a0198645236 | ||
| 040 |
_aAR-LpoUNG _bspa _cAR-LpoUNG _eaacr |
||
| 041 |
_aeng _aspa |
||
| 044 | _axxu | ||
| 082 | 0 | _aR423 331oxf | |
| 100 | 1 |
_aCarvajal, Carol Styles _eed. |
|
| 245 | 1 | 4 |
_aThe Oxford spanish dictionary : _bspanish - english : english - spanish |
| 260 |
_aNew York : _bOxford University, _c1996. |
||
| 300 |
_a1475 p. : _bgráfs., tbls |
||
| 650 | 4 | _aDICCIONARIOS | |
| 650 | 4 | _aLENGUA INGLESA | |
| 650 | 4 | _aLENGUA ESPAÑOLA | |
| 650 | 4 | _aLEXICOGRAFIA | |
| 650 | 4 | _aMATERIAL DE REFERENCIA | |
| 650 | 4 | _aTERMINOLOGIA | |
| 653 | _aDICCIONARIOS BILINGÜES | ||
| 653 | _aDICCIONARIOS DE INGLES | ||
| 700 | 1 |
_aHorwood, Jane _eed. |
|
| 905 | _a17391 | ||
| 942 |
_cLSALA _2ddc |
||
| 999 |
_c63517 _d63517 |
||